00000000nam 2200000zi 4500
0019.933859
003CaOODSP
00520240213141953
006m     o  d f      
007cr |n ||||||||
008240213s2024    onc     ol   f000 0 eng d
040 |aCaOODSP|beng|erda|cCaOODSP
041 |aeng|afre
043 |an-cn---
0861 |aXB441-376/1-PDF
1101 |aCanada. |bParliament. |bHouse of Commons, |eissuing body.
24513|aAn Act to amend the Criminal Code (orders prohibiting the possession of weapons) = |bLoi modifiant le Code criminel (ordonnances interdisant la possession d’armes).
24611|aLoi modifiant le Code criminel (ordonnances interdisant la possession d’armes)
264 1|a[Ottawa] : |bHouse of Commons of Canada = Chambre des communes du Canada, |c2024.
300 |a1 online resource (ii, 1 pages).
336 |atext|btxt|2rdacontent
337 |acomputer|bc|2rdamedia
338 |aonline resource|bcr|2rdacarrier
4901 |aBill C-... ; |vBill C-376, 1st session, 44th Parliament
500 |a"First reading, February 12, 2024."
520 |a"This enactment amends the Criminal Code to require a court to make an order prohibiting an individual from possessing a weapon for a specified period if the individual is convicted of an indictable offence in the commission of which violence against a person was used, threatened or attempted, regardless of the length of the term of imprisonment to which the individual may be sentenced"--Summary, page ii.
546 |aText in English and in French.
61010|aCanada. |tCriminal Code.
650 0|aFirearms|xLaw and legislation|zCanada.
655 7|aLegislative bills|2lcgft
792 |tAn Act to amend the Criminal Code (orders prohibiting the possession of weapons) = |efre|w(CaOODSP)9.933860
830#0|aBill C-...|vBill C-376, 1st session, 44th Parliament.|w(CaOODSP)9.500659
85640|qPDF|s90 KB|uhttps://publications.gc.ca/collections/collection_2024/parl/XB441-376-1.pdf
8564 |qHTML|sN/A|uhttps://www.parl.ca/DocumentViewer/en/44-1/bill/C-376/first-reading